Tổ chức không gian kiến trúc các loại nhà công cộng /

Kiến trúc nhà công cộng trong xã hội công nghiệp hiện đại; Những nhân tố ảnh hưởng đến việc tạo lập không gian kiến trúc nhà công cộng; Tạo lập không gian kiến trúc các loại nhà công cộng.

সংরক্ষণ করুন:
গ্রন্থ-পঞ্জীর বিবরন
প্রধান লেখক: Vũ Duy Cừ, TS.
বিন্যাস: গ্রন্থ
ভাষা:Vietnamese
প্রকাশিত: Hà Nội : Xây dựng, 2003.
বিষয়গুলি:
ট্যাগগুলো: ট্যাগ যুক্ত করুন
কোনো ট্যাগ নেই, প্রথমজন হিসাবে ট্যাগ করুন!
Thư viện lưu trữ: Mạng thư viện Đại học Đà Nẵng
LEADER 02141cam a2200397 a 4500
001 000044134
003 2382
005 20231110155425.0
008 010217b2003 vm 000 vie
020 |c 38000 
040 |a LRCC  |c LRCC  |d LRCC 
041 0 |a vie 
082 1 4 |a 725  |b VU-C 
100 1 |a Vũ Duy Cừ,  |c TS. 
245 1 0 |a Tổ chức không gian kiến trúc các loại nhà công cộng /  |c Vũ Duy Cừ. 
264 1 |a Hà Nội :  |b Xây dựng,  |c 2003. 
300 |a 235 tr. :  |b mh. ;  |c 27 cm. 
520 3 |a Kiến trúc nhà công cộng trong xã hội công nghiệp hiện đại; Những nhân tố ảnh hưởng đến việc tạo lập không gian kiến trúc nhà công cộng; Tạo lập không gian kiến trúc các loại nhà công cộng. 
526 8 |a Kiến trúc 
630 0 4 |a Kiến trúc. 
630 0 4 |a Nhà công cộng. 
650 0 4 |a Kiến trúc  |x Nhà công cộng. 
910 |a nhan 
910 |a HTTSUONG 
OWN |a DUT 
991 |a DUT 
AVA |a UDN50  |b DUT  |c Book  |d 725 VU-C  |e available  |t Error 5001 Not defined in file expand_doc_bib_avail.  |f 5  |g 0  |h N  |i 4  |j SH  |k 1 
Z40 3 |y Tổ chức không gian kiến trúc các loại nhà công cộn  |l Library of DUT  |t VIEW  |x http://catalog.udn.vn:80/F?func=service&doc_library=UDN01&local_base=UDN01&doc_number=000044134&sequence=000001&line_number=0001&func_code=DB_RECORDS&service_type=MEDIA  |f 6.SA.44134.Tochuckhonggiankientruc_000029317.pdf  |e pdf  |s 087100490  |k 20231104  |m HTTSUONG 
999 |a From the UDN01 
AVA |a UDN50  |b DUT  |c Book  |d 725 VU-C  |e available  |t Error 5001 Not defined in file expand_doc_bib_avail.  |f 5  |g 0  |h N  |i 4  |j SH  |k 1 
TYP |a Monograph 
TYP |a Printed language 
856 |y Tổ chức không gian kiến trúc các loại nhà công cộn  |l Library of DUT  |t VIEW  |x http://catalog.udn.vn:80/F?func=service&doc_library=UDN01&local_base=UDN01&doc_number=000044134&sequence=000001&line_number=0001&func_code=DB_RECORDS&service_type=MEDIA  |f 6.SA.44134.Tochuckhonggiankientruc_000029317.pdf  |e pdf  |s 087100490  |k 20231104  |m HTTSUONG 
980 |a Mạng thư viện Đại học Đà Nẵng